20 plus grands ports d'Europe - Statistiques

Statistiques générales
  • Ce quiz a été pris 91 fois
  • Le résultat moyen est 10 sur 20
Statistiques - réponses
Hint Réponse % Correct
1 Pays-Bas Rotterdam
96%
2 Belgique Anvers / Bruges
94%
5 Grèce Athènes / Le Pirée
94%
9 Espagne Barcelone
92%
3 Allemagne Hambourg
89%
8 France Le Havre
89%
19 France Marseille
87%
4 Espagne Valence
74%
11 Italie Gênes
69%
16 Royaume-Uni Londres
52%
13 Pologne Gdansk
42%
7 Allemagne Brême
36%
15 Royaume-Uni Southampton
32%
6 Espagne Algésiras
13%
20 Espagne Las Palmas
6%
18 Italie La Spezia
4%
10 Royaume-Uni Felixtowe
1%
12 Italie Gioia Tauro
1%
17 Portugal Sines
1%
14 Turquie Tekirdag
1%
Aucun quiz correspondant
Distribution des résultats
% des personnes avec chaque résultat
Percentile par nombre de réponses
Votre historique - résultats
Vous n’avez pas pris ce quiz